000 00462nam a2200181Ia 4500
001 18654
005 20260306171646.0
008 260306s9999||||xx |||||||||||||| ||und||
041 _aESP
082 _a658.4093
_bR27
100 _aRath, Tom
_eAUT
245 0 _aStrengths based leadership:
_bgreat leaders, teams, and why people follow
260 _c2008
300 _a266 páginas :
_c22 cm.
650 _aGEN
654 _aCAN
942 _cLIB
_dJUS
_fJUS
_2ddc
_n
999 _c18654
_d18654